000 00980nab a22002177a 4500
999 _c5842
_d5842
003 OSt
005 20260108015613.0
008 190514b xxu||||| |||| 00| 0 spa d
040 _cPJ
100 _96742
_aPolverini, Verónica
245 1 3 _aLa vacuna en crisis :
_bde las odas a la desconfianza /
_cVerónica Polverini.
300 _ap. 79-86
505 _aSumario: I. Introducción.— II. Breve historia de la vacunación.— III. Las leyes de vacunación obligatoria.— IV. La vacunación en la República Argentina.— V. El fallo de la Corte Suprema de Justicia de la Nación.— VI. Conclusión.
505 _tSi te interesa el texto, comunicate a koha@justierradelfuego.gov.ar
650 0 _91253
_aDERECHO A LA SALUD
650 0 _94514
_aSALUD PUBLICA
650 0 _94515
_aPREVENCIÓN DE ENFERMEDADES
650 0 _94516
_aVACUNACIÓN
773 0 _02844
_93222
_dBuenos Aires : AbeledoPerrot, 1989-
_tDerecho de familia. N° 119 - Mayo 2025
_z18511201
942 _2udc
_cANA